DÜŞÜNCELER GÖMÜSÜ - KAYIP HALKA (Kayıt no. 1128500)

MARC ayrıntıları
000 -LEADER
sabit uzunluktaki kontrol alanı 00263nam a2200097Ia 4500
001 - KONTROL NUMARASI
kontrol alanı 1128500
005 - EN SON İŞLEMİN TARİH VE ZAMANI
kontrol alanı 20250827004856.0
008 - SABİT-UZUNLUKTA VERİ ÖĞELERİ--GENEL BİLGİ
sabit uzunluktaki kontrol alanı 250824s9999 xx 000 0 und d
245 #0 - ESER / YAZAR
ESER ADI DÜŞÜNCELER GÖMÜSÜ - KAYIP HALKA
Yazar Adı DERYA DERİN
260 ## - YAYIN, DAĞITIM, VB.
YAYIN EVİ MARTI YAYINCILIK
Mevcut
Düşüm durumu Kayıp durumu Hasar Durumu Ödünç verilmez Ana kütüphane Geçerli Kütüphane Edinilen tarih Toplam ödünç verme sayısı Barkod İade tarihi Son görüntüleme tarihi Son ödünç verme tarihi Fiyatın geçerli olmaya başladığı tarih Koha materyal türü
        İSTANBUL TİCARET ODASI ŞEHİT MUHTEREM AK İLKOKULU İSTANBUL TİCARET ODASI ŞEHİT MUHTEREM AK İLKOKULU 24.08.2025 2 10923135 24.04.2026 09.04.2026 09.04.2026 27.08.2025 Kitaplar
Gemini Bilgi Teknolojileri A.Ş. tarafından düzenlenmiştir.